| 000 | 00356nam a22001217a 4500 | ||
|---|---|---|---|
| 999 |
_c9374 _d9374 |
||
| 003 | OSt | ||
| 008 | 201203b ||||| |||| 00| 0 eng d | ||
| 245 | _aIndian Journal of Civil Engineering and Technology Research | ||
| 250 | _a2015(Jan-Jun Vol.4 No.1) | ||
| 260 |
_aNew Delhi _bGBS Publishers And Distributors |
||
| 650 | _aCivil Engineering | ||
| 942 |
_2ddc _cBV |
||